00629cam a22002057a 4500003000500000005001700005008004100022010000900063011000900072035000900081040000900090100002900099245010200128260007600230300000900306490002700315650001800342650003600360830002700396CHAP20220329133248.0971013s1988 r 00010 d a4072 a5044 a4250 cCHAP00aBáez Escalona, Miguel. 0aAspectos sobre diferentes efectos de los virus sobre el cultivo del tomate en condiciones de Cuba aLa Habana :bDirección de Información Científico-Técnica,c1988 a48 p 0aMonografía 8v; 198814aTomatexCuba.14aTomatexEnfermedades por virus.0 aMonografía 8v; 1988